000
00278nam a22001217a 4500
041
_a
ENG
100
_a
Islam .S.M.N
245
_a
Rural Energy And Its Utilization In Bangladesh
260
_a
New Delhi
_b
BIS
_c
1996
300
_a
789
650
_a
BIS Code
856
_u
BIS Code
999
_c
2130
_d
2130